000 00281nam a2200121Ia 4500
008 191201s2018 xx 000 0 und d
100 _aGUPTA, J B
245 0 _aElectronic Device and Circuit
260 _bKatson
_c2018
300 _a1126
650 _aB.Tech(ECE)
942 _2ddc
_cBK
999 _c6913
_d6913